000
00322nam a2200157Ia 4500
100
_a
Ray/ Deborahs/ Ray/ Eric J
250
_a
2
942
_c
BK
654
_a
Computer
245
_a
Mastering HTML 4.0.
260
_b
B.P.B.
_c
1998
082
_a
4.65
_b
RAY/RAY
300
_a
1013
546
_a
ENGLISH
999
_c
34221
_d
34221